000 00467pab a2200157 454500
008 180718b1996 xxu||||| |||| 00| 0 eng d
100 _aMavalankar, D.V.
245 _aCan PHC system in India deliver emergency obstetric care?: a management perspective on child survival and safe-motherhood programme
260 _c1996
300 _ap.14-29
362 _aSep-Dec
650 _aChild welfare
700 _aReddy, P.H.
773 _aSocial Change
909 _a43010
999 _c43010
_d43010